[Event "British Rapidplay"]
[Site "Peterborough"]
[Date "2025.03.01"]
[Round "4.12"]
[White "Martyn, Rafe"]
[Black "Birtwistle, Nigel"]
[Result "1-0"]
[WhiteElo "2201"]
[BlackElo "2025"]
[PlyCount "81"]
[EventDate "2025.03.01"]
[EventType "swiss (rapid)"]
[EventRounds "11"]
[EventCountry "ENG"]
[SourceTitle "BritBase"]
[Source "John Saunders"]
[SourceDate "2025.03.03"]
[SourceVersion "1"]
[SourceVersionDate "2025.03.03"]
[SourceQuality "2"]

1. e4 c5 2. Nf3 g6 3. c3 Bg7 4. d4 cxd4 5. cxd4 d5 6. e5 Bg4 7. Bb5+ Nd7 8. h3 Bf5 9. Nc3 a6 10. Ba4 b5 11. Bb3 Nb6 12. a4 b4 13. a5 Nc4 14. Ba4+ Kf8 15. Ne2 h5 16. O-O Bh6 17. b3 Nxa5 18. Nh4 Bc8 19. f4 e6 20. Qe1 Qb6 21. Bd2 Rb8 22. g4 hxg4 23. hxg4 Ne7 24. Kg2 Nac6 25. Qf2 a5 26. Be3 Ba6 27. Rh1 Bd3 28. Ng3 Ke8 29. Rac1 Bb5 30. Bxb5 Qxb5 31. f5 Bxe3 32. Qxe3 Qb6 33. f6 Nc8 34. Nf3 Rf8 35. Qh6 Rg8 36. Qh7 Kf8 37. Ng5 Nd8 38. Qh8 Qxd4 39. Nh7+ Ke8 40. Qxg8+ Kd7 41. Nf8+ 1-0

[Event "British Rapidplay"]
[Site "Peterborough"]
[Date "2025.03.01"]
[Round "4.13"]
[White "Zhang, Junyi"]
[Black "Bowcott-Terry, Finlay"]
[Result "0-1"]
[WhiteElo "2152"]
[BlackElo "2202"]
[PlyCount "104"]
[EventDate "2025.03.01"]
[EventType "swiss (rapid)"]
[EventRounds "11"]
[EventCountry "ENG"]
[SourceTitle "BritBase"]
[Source "John Saunders"]
[SourceDate "2025.03.03"]
[SourceVersion "1"]
[SourceVersionDate "2025.03.03"]
[SourceQuality "2"]

1. e4 a6 2. d4 b5 3. Be3 Bb7 4. Nd2 Nf6 5. Bd3 g6 6. Ngf3 Bg7 7. O-O O-O 8. Re1 d6 9. h3 Nbd7 10. a4 b4 11. c3 bxc3 12. bxc3 c5 13. Rb1 Qc7 14. d5 Rfb8 15. Qc2 Ne8 16. Rec1 Bc8 17. Nc4 Nb6 18. Nfd2 Nxc4 19. Nxc4 Rxb1 20. Rxb1 Rb8 21. Rxb8 Qxb8 22. a5 Nf6 23. Nb6 Bb7 24. Qe2 Qa7 25. c4 Qb8 26. e5 Ne8 27. exd6 exd6 28. Bd2 Qd8 29. Bc2 Be5 30. f4 Bd4+ 31. Kh2 Ng7 32. Ba4 h5 33. Bc6 Bc8 34. Qf3 Bf5 35. Bb7 Qh4 36. Bxa6 Bg4 37. Qf1 Bf2 38. Bc8 Qg3+ 39. Kh1 Nf5 40. a6 Bxh3 41. gxh3 Qf3+ 42. Kh2 Bg3+ 43. Kg1 Bh2+ 44. Kxh2 Qxf1 45. Bxf5 Qe2+ 46. Kg3 h4+ 47. Kxh4 Qxd2 48. a7 Qxf4+ 49. Bg4 Qf2+ 50. Kg5 Kg7 51. Bd7 Qg3+ 52. Bg4 f6# 0-1

[Event "British Rapidplay"]
[Site "Peterborough"]
[Date "2025.03.01"]
[Round "4.14"]
[White "He, Tom Junde"]
[Black "Eckersley-Waites, Adam"]
[Result "1-0"]
[WhiteElo "2053"]
[BlackElo "2247"]
[PlyCount "81"]
[EventDate "2025.03.01"]
[EventType "swiss (rapid)"]
[EventRounds "11"]
[EventCountry "ENG"]
[SourceTitle "BritBase"]
[Source "John Saunders"]
[SourceDate "2025.03.03"]
[SourceVersion "1"]
[SourceVersionDate "2025.03.03"]
[SourceQuality "2"]

1. d4 Nf6 2. c4 g6 3. h4 c5 4. d5 d6 5. Nc3 e6 6. e4 exd5 7. exd5 Bg7 8. Be2 h5 9. Nf3 O-O 10. Ng5 a6 11. Bf4 Bf5 12. O-O Re8 13. Bd3 Bxd3 14. Qxd3 Ng4 15. Nce4 Ne5 16. Bxe5 Bxe5 17. Rab1 Nd7 18. b4 b6 19. bxc5 bxc5 20. Rb7 Rb8 21. Rfb1 Rxb7 22. Rxb7 Re7 23. Qb3 Qa5 24. Qd1 Qxa2 25. Qf1 a5 26. Kh1 Bf4 27. Rxd7 Bxg5 28. Rd8+ Kg7 29. Nxg5 a4 30. Rxd6 a3 31. Ra6 Qb2 32. d6 Re2 33. Nf3 Rc2 34. Kh2 a2 35. d7 Rc1 36. Qxc1 Qxc1 37. d8=Q a1=Q 38. Rxa1 Qxa1 39. Qd6 Qf1 40. Qxc5 Kg8 41. Ng5 1-0

[Event "British Rapidplay"]
[Site "Peterborough"]
[Date "2025.03.01"]
[Round "4.15"]
[White "Kanyamarala, Tarun"]
[Black "Hng, Mei-En Emmanuelle"]
[Result "1-0"]
[WhiteElo "2389"]
[BlackElo "2136"]
[PlyCount "91"]
[EventDate "2025.03.01"]
[EventType "swiss (rapid)"]
[EventRounds "11"]
[EventCountry "ENG"]
[SourceTitle "BritBase"]
[Source "John Saunders"]
[SourceDate "2025.03.03"]
[SourceVersion "1"]
[SourceVersionDate "2025.03.03"]
[SourceQuality "2"]

1. d4 Nf6 2. c4 c5 3. d5 e6 4. Nc3 exd5 5. cxd5 d6 6. e4 g6 7. h3 Bg7 8. Nf3 O-O 9. Be3 Nbd7 10. Be2 b5 11. Nd2 a6 12. a3 Re8 13. O-O Bb7 14. Bd3 Rc8 15. Bf4 c4 16. Bc2 Nc5 17. Re1 Qd7 18. Nf3 a5 19. e5 Nh5 20. Bh2 b4 21. axb4 axb4 22. Ba4 Qd8 23. Bxe8 bxc3 24. exd6 cxb2 25. Rb1 Nd3 26. Bxf7+ Kxf7 27. Re7+ Kg8 28. Rxb7 c3 29. Rc7 Nhf4 30. Ne1 Rxc7 31. dxc7 Qxc7 32. Nxd3 c2 33. Qf1 Nxd3 34. Bxc7 c1=Q 35. d6 Be5 36. g3 Qc2 37. Kg2 Nc1 38. Qb5 Qe4+ 39. Kh2 Qf5 40. Rxb2 Bxb2 41. Qxb2 Nd3 42. Qa2+ Kg7 43. Bb6 Ne5 44. Bd4 Kf8 45. Qa8+ Kf7 46. Qd5+ 1-0

[Event "British Rapidplay"]
[Site "Peterborough"]
[Date "2025.03.01"]
[Round "4.16"]
[White "Cancedda-Dupuis, Livio"]
[Black "Hng, Mei-Xian Eunice"]
[Result "1-0"]
[WhiteElo "2053"]
[BlackElo "2066"]
[PlyCount "67"]
[EventDate "2025.03.01"]
[EventType "swiss (rapid)"]
[EventRounds "11"]
[EventCountry "ENG"]
[SourceTitle "BritBase"]
[Source "John Saunders"]
[SourceDate "2025.03.03"]
[SourceVersion "1"]
[SourceVersionDate "2025.03.03"]
[SourceQuality "2"]

1. Nf3 Nf6 2. c4 e6 3. e3 c5 4. Nc3 d5 5. cxd5 exd5 6. d4 Nc6 7. Bb5 Bd6 8. O-O O-O 9. h3 h6 10. dxc5 Bxc5 11. b3 Be6 12. Bb2 Bd6 13. Rc1 Rc8 14. Qe2 Qe7 15. Bxc6 bxc6 16. Qa6 Bb8 17. Ba3 c5 18. Rfd1 Rfd8 19. Na4 Ne4 20. Qa5 Bc7 21. Qe1 Bd6 22. Nd2 Ng5 23. f4 Ne4 24. Nxe4 dxe4 25. Qf1 c4 26. Rxd6 Rxd6 27. f5 Bd7 28. Qf4 Rcc6 29. Nc3 cxb3 30. axb3 Rd1+ 31. Rxd1 Qxa3 32. Rxd7 Rxc3 33. Qb8+ Kh7 34. Rd8 1-0

[Event "British Rapidplay"]
[Site "Peterborough"]
[Date "2025.03.01"]
[Round "4.17"]
[White "Davison, Chris"]
[Black "Southcott-Moyers, Indy"]
[Result "0-1"]
[WhiteElo "1997"]
[BlackElo "2227"]
[PlyCount "112"]
[EventDate "2025.03.01"]
[EventType "swiss (rapid)"]
[EventRounds "11"]
[EventCountry "ENG"]
[SourceTitle "BritBase"]
[Source "John Saunders"]
[SourceDate "2025.03.03"]
[SourceVersion "1"]
[SourceVersionDate "2025.03.03"]
[SourceQuality "2"]

1. d4 d5 2. c4 e6 3. Nc3 Nf6 4. cxd5 exd5 5. Bg5 c6 6. e3 h6 7. Bh4 Be7 8. Bd3 O-O 9. Nge2 Nbd7 10. f3 Re8 11. Bf2 a5 12. a4 Nf8 13. O-O Ne6 14. h3 c5 15. e4 cxd4 16. Nxd4 Nxd4 17. Bxd4 dxe4 18. Bb5 Rf8 19. fxe4 Be6 20. Be3 Rc8 21. Qe2 Bc5 22. Rad1 Qb6 23. Bxc5 Qxc5+ 24. Qf2 Qe5 25. Qd4 Qc7 26. e5 Rfd8 27. Qe3 Nd5 28. Nxd5 Rxd5 29. Rxd5 Bxd5 30. Qd4 Qc5 31. Rd1 g6 32. Kh2 Be6 33. Qf4 Qc2 34. Rd2 Qf5 35. Qxf5 Bxf5 36. g4 Be6 37. Kg3 g5 38. Kf3 Rc1 39. Rd8+ Kg7 40. Ra8 Rc2 41. Rxa5 Rxb2 42. Be2 Rb3+ 43. Kg2 Re3 44. Bf3 Rb3 45. Rb5 Rxb5 46. axb5 b6 47. Bc6 f6 48. exf6+ Kxf6 49. Kf2 Ke5 50. Ke3 Bc4 51. Be8 Bf1 52. Kf2 Bxh3 53. Kg3 Bf1 54. Kf2 Bc4 55. Ke3 Be6 56. Kf3 Kd4 0-1

[Event "British Rapidplay"]
[Site "Peterborough"]
[Date "2025.03.01"]
[Round "4.18"]
[White "Murawski, Jan"]
[Black "Mikalajunas, Kajus"]
[Result "0-1"]
[WhiteElo "2079"]
[BlackElo "2080"]
[PlyCount "104"]
[EventDate "2025.03.01"]
[EventType "swiss (rapid)"]
[EventRounds "11"]
[EventCountry "ENG"]
[SourceTitle "BritBase"]
[Source "John Saunders"]
[SourceDate "2025.03.03"]
[SourceVersion "1"]
[SourceVersionDate "2025.03.03"]
[SourceQuality "2"]

1. c4 e5 2. Nc3 Nc6 3. Nf3 f5 4. d4 e4 5. d5 exf3 6. dxc6 fxg2 7. cxd7+ Qxd7 8. Qxd7+ Bxd7 9. Bxg2 O-O-O 10. Bf4 Bb4 11. Be5 Nf6 12. O-O-O Ng4 13. Bg3 Bxc3 14. bxc3 f4 15. Bh4 g5 16. Bxg5 Rdg8 17. Bxf4 Nxf2 18. Be5 Rxg2 19. Bxh8 Nxh1 20. Rxh1 Rxe2 21. h4 Rxa2 22. Kb1 Ra4 23. c5 Bf5+ 24. Kb2 Be6 25. Bd4 Ra2+ 26. Kb1 Rg2 27. Rf1 Rh2 28. Rf4 a5 29. Be5 Rh1+ 30. Kb2 Rh2+ 31. Kb1 Rh1+ 32. Kb2 Kd7 33. Bf6 Rh2+ 34. Kb1 Bb3 35. Be5 Rh1+ 36. Kb2 a4 37. Ka3 Ra1+ 38. Kb4 Rb1 39. Ka3 Kc6 40. Bd4 Kb5 41. Be5 Re1 42. Bxc7 Re2 43. Rb4+ Kc6 44. Rg4 Kxc7 45. Rg7+ Kc6 46. Rxh7 Kxc5 47. Rc7+ Kb6 48. Rh7 Ka5 49. Rh5+ b5 50. Rxb5+ Kxb5 51. c4+ Ka5 52. c5 Ra2# 0-1

[Event "British Rapidplay"]
[Site "Peterborough"]
[Date "2025.03.01"]
[Round "4.19"]
[White "Yu, Rock"]
[Black "Deva, Chetan"]
[Result "1-0"]
[WhiteElo "2048"]
[BlackElo "2181"]
[PlyCount "111"]
[EventDate "2025.03.01"]
[EventType "swiss (rapid)"]
[EventRounds "11"]
[EventCountry "ENG"]
[SourceTitle "BritBase"]
[Source "John Saunders"]
[SourceDate "2025.03.03"]
[SourceVersion "1"]
[SourceVersionDate "2025.03.03"]
[SourceQuality "2"]

1. e4 c5 2. Nf3 d6 3. d4 cxd4 4. Nxd4 Nf6 5. f3 Nc6 6. c4 e6 7. Nc3 Be7 8. Be3 O-O 9. Be2 d5 10. cxd5 exd5 11. O-O Bc5 12. Kh1 Nxd4 13. Bxd4 Bxd4 14. Qxd4 dxe4 15. Qxd8 Rxd8 16. fxe4 Be6 17. Bf3 Rd2 18. b3 Rc8 19. Rac1 g5 20. Nd5 Nxd5 21. exd5 Rxc1 22. Rxc1 Bf5 23. h3 h5 24. Rd1 Rxd1+ 25. Bxd1 h4 26. Bf3 Kf8 27. Kg1 b6 28. Kf2 Ke7 29. Ke3 Kd6 30. Kd4 Bb1 31. a3 f6 32. Be4 Ba2 33. Kc3 Ke5 34. Bc2 Kxd5 35. Kb2 Bxb3 36. Bxb3+ Kd4 37. Kc2 Ke3 38. Kc3 f5 39. Bd5 g4 40. hxg4 fxg4 41. Kb4 Kd4 42. Bc6 a6 43. Bb7 h3 44. gxh3 gxh3 45. Bxa6 h2 46. Bb7 Kd3 47. Bd5 Kd4 48. Bb7 Kd3 49. Kb5 Kc3 50. Bd5 Kb2 51. a4 Ka3 52. Bh1 Kb3 53. Bc6 Ka3 54. Bg2 Kb3 55. Be4 Ka3 56. Bd5 1-0

[Event "British Rapidplay"]
[Site "Peterborough"]
[Date "2025.03.01"]
[Round "4.20"]
[White "Sarakauskas, Gediminas"]
[Black "Iyengar, Ilya"]
[Result "1/2-1/2"]
[WhiteElo "2323"]
[BlackElo "1979"]
[PlyCount "88"]
[EventDate "2025.03.01"]
[EventType "swiss (rapid)"]
[EventRounds "11"]
[EventCountry "ENG"]
[SourceTitle "BritBase"]
[Source "John Saunders"]
[SourceDate "2025.03.03"]
[SourceVersion "1"]
[SourceVersionDate "2025.03.03"]
[SourceQuality "2"]

1. d4 Nf6 2. g3 g6 3. Bg2 d5 4. c4 c6 5. Nf3 Bg7 6. O-O Ne4 7. Qb3 O-O 8. Nc3 Nxc3 9. bxc3 dxc4 10. Qxc4 Be6 11. Qb4 Qd7 12. Ng5 Na6 13. Qa4 Nc7 14. Rb1 b5 15. Qa5 Bc4 16. Re1 e5 17. Ne4 exd4 18. cxd4 Ne6 19. Ba3 Rfd8 20. Nc5 Nxc5 21. Bxc5 a6 22. Rbd1 Qe6 23. e4 h5 24. h4 Qe8 25. d5 cxd5 26. exd5 Qd7 27. d6 Rac8 28. Bb4 Re8 29. Qxa6 Rb8 30. a3 Qf5 31. Qc6 Rxe1+ 32. Rxe1 Bd4 33. Qf3 Qc2 34. d7 Be6 35. Rd1 Bxf2+ 36. Kh2 Rd8 37. Rd2 Bxg3+ 38. Qxg3 Qf5 39. Bh3 Qe4 40. Bxe6 Qxe6 41. Qc7 Qf6 42. Qg3 Qe6 43. Qc7 Qf6 44. Qg3 Qe6 1/2-1/2

[Event "British Rapidplay"]
[Site "Peterborough"]
[Date "2025.03.01"]
[Round "4.21"]
[White "Siva, Mahadevan"]
[Black "Vijayakumar, Rishi"]
[Result "1-0"]
[WhiteElo "2369"]
[BlackElo "2311"]
[PlyCount "61"]
[EventDate "2025.03.01"]
[EventType "swiss (rapid)"]
[EventRounds "11"]
[EventCountry "ENG"]
[SourceTitle "BritBase"]
[Source "John Saunders"]
[SourceDate "2025.03.03"]
[SourceVersion "1"]
[SourceVersionDate "2025.03.03"]
[SourceQuality "2"]

1. e4 e5 2. Nf3 Nc6 3. Bb5 a6 4. Ba4 Nf6 5. O-O b5 6. Bb3 Bc5 7. a4 Rb8 8. c3 d6 9. d4 Bb6 10. a5 Ba7 11. h3 Bb7 12. Re1 O-O 13. Be3 exd4 14. cxd4 Nb4 15. Nc3 Bxe4 16. Nxe4 Nxe4 17. Qb1 d5 18. Ne5 Re8 19. f3 Nd2 20. Bxd2 Bxd4+ 21. Kh1 Bxe5 22. Bxb4 Qh4 23. Bc3 d4 24. Qf5 Qg3 25. f4 Bf6 26. Rxe8+ Rxe8 27. Qd5 Qg6 28. Re1 Rf8 29. Bb4 Qg3 30. Qxf7+ Rxf7 31. Re8# 1-0

[Event "British Rapidplay"]
[Site "Peterborough"]
[Date "2025.03.01"]
[Round "4.22"]
[White "Nicholas, Koichi B"]
[Black "Pritchett, Craig William"]
[Result "0-1"]
[WhiteElo "2066"]
[BlackElo "2177"]
[PlyCount "102"]
[EventDate "2025.03.01"]
[EventType "swiss (rapid)"]
[EventRounds "11"]
[EventCountry "ENG"]
[SourceTitle "BritBase"]
[Source "John Saunders"]
[SourceDate "2025.03.03"]
[SourceVersion "1"]
[SourceVersionDate "2025.03.03"]
[SourceQuality "2"]

1. Nc3 c5 2. d4 cxd4 3. Qxd4 Nc6 4. Qd3 Nf6 5. e4 d6 6. Bg5 e6 7. O-O-O a6 8. Kb1 Bd7 9. f4 h6 10. Bh4 Be7 11. Be2 Qc7 12. Bxf6 gxf6 13. Nf3 b5 14. Rd2 b4 15. Nd1 a5 16. Ne3 Na7 17. Nc4 Bb5 18. Nd4 Bxc4 19. Qxc4 Qxc4 20. Bxc4 Rc8 21. Ba6 Rc7 22. Rhd1 O-O 23. f5 e5 24. Ne2 Rb8 25. b3 Rb6 26. Bc4 Nc8 27. Rd3 a4 28. Rg3+ Kf8 29. Rh3 Kg7 30. Rdd3 axb3 31. axb3 Bf8 32. Ng3 Be7 33. Nh5+ Kf8 34. Rdg3 d5 35. Bxd5 Bc5 36. Kc1 Bd4 37. Kd2 Rd6 38. Ng7 Nb6 39. Rxh6 Nxd5 40. Rh8+ Ke7 41. exd5 Rxd5 42. Ke2 Rxc2+ 43. Kf3 Bf2 44. Rgh3 Rd4 45. Nh5 e4+ 46. Kg4 e3+ 47. Nf4 e2 48. Rd3 Rxf4+ 49. Kxf4 e1=Q 50. Rhd8 Qe5+ 51. Kg4 Rc7 0-1

[Event "British Rapidplay"]
[Site "Peterborough"]
[Date "2025.03.01"]
[Round "4.23"]
[White "White, Stuart A"]
[Black "Vaidyanathan, Adithya"]
[Result "1-0"]
[WhiteElo "2024"]
[BlackElo "2037"]
[PlyCount "137"]
[EventDate "2025.03.01"]
[EventType "swiss (rapid)"]
[EventRounds "11"]
[EventCountry "ENG"]
[SourceTitle "BritBase"]
[Source "John Saunders"]
[SourceDate "2025.03.03"]
[SourceVersion "1"]
[SourceVersionDate "2025.03.03"]
[SourceQuality "2"]

1. c4 c5 2. g3 Nc6 3. Bg2 g6 4. Nc3 Bg7 5. Nf3 e5 6. a3 d6 7. d3 Nge7 8. Bg5 f6 9. Bd2 O-O 10. O-O a5 11. Ne1 f5 12. Bg5 h6 13. Bxe7 Nxe7 14. Nc2 Nc6 15. Ne3 Be6 16. Ned5 f4 17. Rb1 Rb8 18. b4 axb4 19. axb4 b6 20. Be4 Bf5 21. Qa4 Nd4 22. e3 Bxe4 23. dxe4 Nf3+ 24. Kg2 Nd2 25. Qc6 f3+ 26. Kh1 Nxf1 27. Rxf1 cxb4 28. Nxb4 Qc8 29. Nb5 Qh3 30. Rg1 Ra8 31. Qd5+ Kh7 32. Qd1 Rfc8 33. Qxf3 Rxc4 34. Nd5 Rc2 35. Nf6+ Kh8 36. Nxd6 Qe6 37. Qd1 Qxf6 38. Qxc2 Qxd6 39. Rd1 Qc5 40. Qb3 Rf8 41. Kg2 Qc6 42. Qb4 Rf6 43. Rd8+ Kh7 44. f3 Qc2+ 45. Rd2 Qc5 46. Qb3 Rc6 47. Qf7 Rc7 48. Qe8 Qxe3 49. Rd8 Qe2+ 50. Kh3 h5 51. Rd6 Qf1+ 52. Kh4 g5+ 53. Kxg5 Qc1+ 54. f4 Bf8 55. Qxf8 Rg7+ 56. Kf6 Qc7 57. Kxe5 Qc5+ 58. Ke6 Rg6+ 59. Kd7 Qb5+ 60. Kc7 Rg7+ 61. Kd8 Qc5 62. Qf5+ Qxf5 63. exf5 Rf7 64. f6 b5 65. Rb6 Kg6 66. Rxb5 Rxf6 67. Re5 Rd6+ 68. Ke7 Ra6 69. Re6+ 1-0

[Event "British Rapidplay"]
[Site "Peterborough"]
[Date "2025.03.01"]
[Round "4.24"]
[White "Tanmay, Chopra"]
[Black "Sasikumar, Srivathsan"]
[Result "0-1"]
[WhiteElo "2357"]
[BlackElo "1868"]
[PlyCount "84"]
[EventDate "2025.03.01"]
[EventType "swiss (rapid)"]
[EventRounds "11"]
[EventCountry "ENG"]
[SourceTitle "BritBase"]
[Source "John Saunders"]
[SourceDate "2025.03.03"]
[SourceVersion "1"]
[SourceVersionDate "2025.03.03"]
[SourceQuality "2"]

1. Nf3 d5 2. c4 e6 3. g3 Nf6 4. Bg2 c6 5. O-O Be7 6. Qc2 O-O 7. d4 Nbd7 8. Nbd2 b6 9. e4 dxe4 10. Ng5 Bb7 11. Ngxe4 Qc8 12. c5 Rd8 13. Re1 Nxe4 14. Nxe4 Nf6 15. Be3 bxc5 16. Nxc5 Bxc5 17. Qxc5 Nd5 18. Bd2 Qd7 19. Ba5 Re8 20. Rac1 h6 21. Re4 Qe7 22. Qc4 Rac8 23. Ree1 Qd6 24. Bh3 Re7 25. f4 g6 26. Bg2 Rd7 27. Qc5 Qxc5 28. dxc5 Ba6 29. Red1 Rb7 30. b3 Kf8 31. Rd4 Rb5 32. Bd2 Rb7 33. Kf2 Rd7 34. Ra4 Bb5 35. Ra5 Nf6 36. Bc3 Ng4+ 37. Kg1 Rcd8 38. Rxb5 Rd1+ 39. Rxd1 Rxd1+ 40. Bf1 cxb5 41. c6 Ke8 42. Ba5 Ne3 0-1

[Event "British Rapidplay"]
[Site "Peterborough"]
[Date "2025.03.01"]
[Round "4.25"]
[White "Waterfield, Mark"]
[Black "Hryshchenko, Kamila"]
[Result "0-1"]
[WhiteElo "1913"]
[BlackElo "2119"]
[PlyCount "52"]
[EventDate "2025.03.01"]
[EventType "swiss (rapid)"]
[EventRounds "11"]
[EventCountry "ENG"]
[SourceTitle "BritBase"]
[Source "John Saunders"]
[SourceDate "2025.03.03"]
[SourceVersion "1"]
[SourceVersionDate "2025.03.03"]
[SourceQuality "2"]

1. e4 d6 2. d4 g6 3. Nc3 Bg7 4. Be3 c6 5. h4 h5 6. Nh3 Bxh3 7. Rxh3 Nf6 8. f3 Qc7 9. Qd2 b5 10. O-O-O Nbd7 11. Kb1 Nb6 12. d5 b4 13. Bxb6 Qxb6 14. Na4 Qa5 15. b3 cxd5 16. exd5 O-O 17. Qd3 Rfc8 18. Rh2 Rab8 19. g3 Nd7 20. Qa6 Qc7 21. Bh3 f5 22. g4 Nb6 23. Nxb6 Qc3 24. Kc1 Qb2+ 25. Kd2 Rxc2+ 26. Ke3 Qe5+ 0-1

[Event "British Rapidplay"]
[Site "Peterborough"]
[Date "2025.03.01"]
[Round "4.26"]
[White "Fellowes, Billy"]
[Black "Goh, Jinghan Cameron"]
[Result "1-0"]
[WhiteElo "2203"]
[BlackElo "2102"]
[PlyCount "59"]
[EventDate "2025.03.01"]
[EventType "swiss (rapid)"]
[EventRounds "11"]
[EventCountry "ENG"]
[SourceTitle "BritBase"]
[Source "John Saunders"]
[SourceDate "2025.03.03"]
[SourceVersion "1"]
[SourceVersionDate "2025.03.03"]
[SourceQuality "2"]

1. e4 c5 2. Nf3 e6 3. Qe2 Nc6 4. c3 e5 5. g3 g6 6. Bg2 Bg7 7. d3 Nge7 8. O-O O-O 9. a4 d5 10. Nbd2 Re8 11. exd5 Nxd5 12. Ne4 b6 13. Ne1 Bb7 14. Nc2 Qe7 15. Na3 Rad8 16. Nc4 f5 17. Bg5 Nf6 18. Nxf6+ Bxf6 19. Bxf6 Qxf6 20. a5 b5 21. Ne3 Nd4 22. cxd4 Bxg2 23. Nxg2 Rxd4 24. Qc2 c4 25. dxc4 bxc4 26. Rfd1 Rc8 27. Ra4 Qc6 28. Ne3 Rd3 29. Rxc4 Rxd1+ 30. Qxd1 1-0

[Event "British Rapidplay"]
[Site "Peterborough"]
[Date "2025.03.01"]
[Round "4.27"]
[White "Jermy, Jaden"]
[Black "Ortiz Sanchez, Luis"]
[Result "1/2-1/2"]
[WhiteElo "2001"]
[BlackElo "1913"]
[PlyCount "197"]
[EventDate "2025.03.01"]
[EventType "swiss (rapid)"]
[EventRounds "11"]
[EventCountry "ENG"]
[SourceTitle "BritBase"]
[Source "John Saunders"]
[SourceDate "2025.03.03"]
[SourceVersion "1"]
[SourceVersionDate "2025.03.03"]
[SourceQuality "2"]

1. d4 f5 2. g3 Nf6 3. Bg2 g6 4. c4 Bg7 5. Nc3 O-O 6. Nf3 d6 7. O-O c6 8. d5 e5 9. dxe6 Bxe6 10. Qa4 Na6 11. Nd4 Nc5 12. Nxe6 Nxe6 13. Rd1 Qc7 14. Qc2 Rad8 15. b3 Rfe8 16. Bb2 Nc5 17. e3 Nfe4 18. Ne2 Be5 19. b4 Bxb2 20. Qxb2 Ne6 21. Nd4 Qe7 22. b5 cxb5 23. Nxb5 a6 24. Nd4 N6c5 25. Nb3 Qg7 26. Qxg7+ Kxg7 27. Nxc5 dxc5 28. a4 b6 29. h4 Nc3 30. Re1 Rd6 31. Ra3 Ne4 32. Rc1 Red8 33. Bxe4 fxe4 34. a5 Rd1+ 35. Rxd1 Rxd1+ 36. Kg2 Rb1 37. g4 Kf6 38. axb6 Rxb6 39. Ra5 Rc6 40. Kg3 Ke5 41. Ra2 Rd6 42. Rb2 h6 43. Rb8 g5 44. h5 Re6 45. Ra8 Rb6 46. Rc8 Kd6 47. Rh8 Ke7 48. Rh7+ Kd8 49. Ra7 Re6 50. f4 exf3 51. Kxf3 Kc8 52. Rg7 Kd8 53. e4 Kc8 54. Ra7 Kb8 55. Rg7 Kc8 56. Rf7 Kb8 57. Rf5 Rc6 58. e5 a5 59. Ke4 a4 60. Rf6 Kc7 61. Rf7+ Kb8 62. Kd5 Rc8 63. Rf3 Kb7 64. Ra3 Kb6 65. Rxa4 Rd8+ 66. Ke6 Rd4 67. Kf7 Rxg4 68. e6 Rf4+ 69. Kg6 g4 70. Kxh6 g3 71. Ra1 Rxc4 72. Kg6 g2 73. Rg1 Kc6 74. Rxg2 Kd6 75. Re2 Ke7 76. h6 Rh4 77. Kg5 Rh1 78. Re4 c4 79. Rxc4 Kxe6 80. Rc7 Rg1+ 81. Kf4 Kf6 82. Rc6+ Kf7 83. Kf5 Rf1+ 84. Kg5 Rg1+ 85. Kf5 Rf1+ 86. Ke5 Rh1 87. Rf6+ Kg8 88. Kf5 Rf1+ 89. Kg6 Rxf6+ 90. Kxf6 Kh7 91. Kg5 Kh8 92. Kf6 Kh7 93. Kg5 Kh8 94. Kg6 Kg8 95. Kf6 Kh7 96. Kg5 Kh8 97. Kg6 Kg8 98. h7+ Kh8 99. Kh6 1/2-1/2

[Event "British Rapidplay"]
[Site "Peterborough"]
[Date "2025.03.01"]
[Round "4.28"]
[White "Sajanani, Vikas"]
[Black "Verbytski, Oleg"]
[Result "0-1"]
[WhiteElo "1902"]
[BlackElo "2111"]
[PlyCount "98"]
[EventDate "2025.03.01"]
[EventType "swiss (rapid)"]
[EventRounds "11"]
[EventCountry "ENG"]
[SourceTitle "BritBase"]
[Source "John Saunders"]
[SourceDate "2025.03.03"]
[SourceVersion "1"]
[SourceVersionDate "2025.03.03"]
[SourceQuality "2"]

1. Nf3 Nf6 2. g3 d5 3. Bg2 e6 4. O-O Be7 5. c4 d4 6. b4 O-O 7. Bb2 c5 8. d3 Nc6 9. b5 Nb8 10. Nbd2 Nbd7 11. Ng5 Rb8 12. a4 a5 13. bxa6 bxa6 14. Ba3 Bb7 15. Nge4 Nxe4 16. Nxe4 f5 17. Nd2 Qc7 18. Qc2 Bxg2 19. Kxg2 e5 20. Rab1 Nf6 21. Kg1 Qc6 22. Rxb8 Rxb8 23. Rb1 Rxb1+ 24. Nxb1 e4 25. Nd2 e3 26. fxe3 Ng4 27. exd4 Ne3 28. d5 Qh6 29. Qb2 Qh3 30. Kf2 Qg2+ 31. Ke1 Qg1+ 32. Nf1 Qxf1+ 33. Kd2 Bf6 34. Qb8+ Kf7 35. Bxc5 Ng2 36. Qf8+ Kg6 37. Qe8+ Kh6 38. Kc2 Qa1 39. Be3+ g5 40. Qf8+ Bg7 41. Bxg5+ Kxg5 42. Qe7+ Bf6 43. Qb4 Ne3+ 44. Kd2 Nd1 45. Qb3 Bc3+ 46. Qxc3 Qxc3+ 47. Kxd1 f4 48. h4+ Kg4 49. gxf4 Kxf4 0-1

[Event "British Rapidplay"]
[Site "Peterborough"]
[Date "2025.03.01"]
[Round "4.29"]
[White "Martin, Lewis"]
[Black "Bowers, Francis J"]
[Result "1/2-1/2"]
[WhiteElo "2050"]
[BlackElo "1820"]
[PlyCount "114"]
[EventDate "2025.03.01"]
[EventType "swiss (rapid)"]
[EventRounds "11"]
[EventCountry "ENG"]
[SourceTitle "BritBase"]
[Source "John Saunders"]
[SourceDate "2025.03.03"]
[SourceVersion "1"]
[SourceVersionDate "2025.03.03"]
[SourceQuality "2"]

1. e4 e5 2. Nf3 d6 3. d4 exd4 4. Nxd4 g6 5. Nc3 Bg7 6. Bc4 Nc6 7. Nxc6 bxc6 8. O-O Ne7 9. Be3 O-O 10. Qd2 Be6 11. Bb3 c5 12. f4 Bxb3 13. axb3 f5 14. e5 dxe5 15. Qxd8 Rfxd8 16. Bxc5 Nc6 17. fxe5 Bxe5 18. Rfd1 Bd4+ 19. Bxd4 Nxd4 20. Kf1 c5 21. Rd2 Re8 22. Ra5 Ne6 23. Rd7 Red8 24. Raxa7 Rxa7 25. Rxa7 Rd2 26. Re7 Nd4 27. Nd5 Rxc2 28. Nf6+ Kf8 29. Rc7 Nxb3 30. Nxh7+ Ke8 31. Nf6+ Kd8 32. Rd7+ Kc8 33. Rg7 Rxb2 34. Rxg6 c4 35. Nd5 Nd2+ 36. Ke2 Ne4+ 37. Ke3 Kb7 38. h4 c3 39. Nxc3 Nxc3 40. Kf4 Rb4+ 41. Kxf5 Rxh4 42. g4 Nd5 43. Re6 Kc7 44. g5 Kd7 45. Ra6 Ne7+ 46. Kf6 Rf4+ 47. Kg7 Nf5+ 48. Kf6 Nd6+ 49. Kg7 Ne8+ 50. Kg6 Ke7 51. Ra7+ Kf8 52. Ra5 Rf7 53. Rf5 Rxf5 54. Kxf5 Kg7 55. g6 Nf6 56. Kg5 Ne4+ 57. Kf4 Kxg6 1/2-1/2